[Event "Niedersachsen-ch Seniors op 14th"]
[Site "Bad Bevensen"]
[Date "2011.07.12"]
[Round "8"]
[White "Lange, Detlef"]
[Black "Van Houten, Henk"]
[Result "1-0"]
[WhiteElo "1738"]
[BlackElo "1595"]
[PlyCount "108"]
[EventDate "2011.07.05"]
[EventType "swiss"]
[EventRounds "9"]
[EventCountry "GER"]
[SourceTitle "EXT 2012"]
[Source "ChessBase"]
[SourceDate "2011.11.24"]
[SourceVersion "1"]
[SourceVersionDate "2011.11.24"]
[SourceQuality "1"]

1. e4 e5 2. Nf3 d6 3. Bc4 Be7 4. d4 exd4 5. Nxd4 Nf6 6. 0-0 Bg4 7. f3 Bh5 8. Nf5 Bf8 9. Bg5 Nbd7 10. Nc3 h6 11. Bh4 g5 12. Bg3 Ne5 13. Bb3 c6 14. Qd4 Qb6 15. Rad1 0-0-0 16. Qxb6 axb6 17. Na4 b5 18. Nb6+ Kc7 19. Bf2 Ne8 20. a4 bxa4 21. Nxa4 c5 22. Bd5 Ng7 23. Ra1 Nxf5 24. exf5 f6 25. Nc3 Be8 26. Ra7 Bc6 27. Rfa1 Rb8 28. Be6 Bg7 29. Nd5+ Bxd5 30. Bxd5 Nc6 31. R7a4 Nb4 32. Be4 Nc6 33. c3 Rhe8 34. b4 b6 35. b5 Na5 36. Re1 Rbd8 37. Raa1 d5 38. Bg3+ Kc8 39. Bc2 Bf8 40. Re6 Rxe6 41. fxe6 Be7 42. Bf5 Kb7 43. Bf2 Nc4 44. Kf1 Nd6 45. Bd3 c4 46. Ra6 Nc8 47. Bc2 Bd6 48. Bg6 Bc7 49. Bd4 Be5 50. Bxb6 Rd6 51. Bc5 Rxa6 52. bxa6+ Kxa6 53. e7 Nxe7 54. Bxe7 Bxc3 1-0

[Event "Niedersachsen-ch Seniors op 14th"]
[Site "Bad Bevensen"]
[Date "2011.07.09"]
[Round "5"]
[White "Addicks, Addick"]
[Black "Lange, Detlef"]
[Result "0-1"]
[WhiteElo "1000"]
[BlackElo "1738"]
[PlyCount "38"]
[EventDate "2011.07.05"]
[EventType "swiss"]
[EventRounds "9"]
[EventCountry "GER"]
[SourceTitle "EXT 2012"]
[Source "ChessBase"]
[SourceDate "2011.11.24"]
[SourceVersion "1"]
[SourceVersionDate "2011.11.24"]
[SourceQuality "1"]

1. e4 e5 2. Nc3 Bc5 3. Qf3 Nf6 4. a3 d6 5. Bc4 Nc6 6. Nce2 Bg4 7. Qb3 0-0 8. h3 Bxe2 9. Nxe2 Nxe4 10. 0-0 Na5 11. Qb5 c6 12. Qa4 d5 13. b4 Bxf2+ 14. Rxf2 Nxf2 15. Kxf2 Nxc4 16. Bb2 Nxb2 17. Qb3 Nc4 18. Qc3 f5 19. d3 Ne3 0-1

[Event "Niedersachsen-ch Seniors op 13th"]
[Site "Bad Bevensen"]
[Date "2010.07.14"]
[Round "9"]
[White "Lange, Detlef"]
[Black "Wittkugel, Friedhelm"]
[Result "1-0"]
[WhiteElo "1730"]
[BlackElo "1735"]
[PlyCount "63"]
[EventDate "2010.07.06"]
[EventType "swiss"]
[EventRounds "9"]
[EventCountry "GER"]
[SourceTitle "EXT 2012"]
[Source "ChessBase"]
[SourceDate "2011.11.24"]
[SourceVersion "1"]
[SourceVersionDate "2011.11.24"]
[SourceQuality "1"]

1. e4 d6 2. d4 g6 3. Bb5+ c6 4. Bd3 Bg7 5. c3 Qc7 6. Ne2 Nd7 7. 0-0 e5 8. f4 f6 9. fxe5 dxe5 10. Qb3 Ne7 11. Bc4 Rf8 12. Be3 Qb6 13. Qc2 Qc7 14. Nd2 Nb6 15. Bb3 f5 16. dxe5 Bxe5 17. Bf4 Bd7 18. a4 a5 19. Bh6 Rf6 20. Bg7 Bxh2+ 21. Kh1 Re6 22. Bxe6 Bxe6 23. Nd4 Bd7 24. exf5 gxf5 25. Rae1 Bd6 26. Nxf5 Bxf5 27. Qxf5 Nd7 28. Qf7+ Kd8 29. Bf6 Nxf6 30. Rxf6 Qd7 31. Qf8+ Kc7 32. Qxa8 1-0

[Event "Niedersachsen-ch Seniors op 13th"]
[Site "Bad Bevensen"]
[Date "2010.07.11"]
[Round "6"]
[White "Lange, Detlef"]
[Black "Tuertmann, Dieter"]
[Result "0-1"]
[WhiteElo "1730"]
[BlackElo "1822"]
[PlyCount "104"]
[EventDate "2010.07.06"]
[EventType "swiss"]
[EventRounds "9"]
[EventCountry "GER"]
[SourceTitle "EXT 2012"]
[Source "ChessBase"]
[SourceDate "2011.11.24"]
[SourceVersion "1"]
[SourceVersionDate "2011.11.24"]
[SourceQuality "1"]

1. e4 e5 2. Nf3 d6 3. Bc4 Be7 4. d4 exd4 5. Nxd4 Nf6 6. Nc3 0-0 7. 0-0 c6 8. Bb3 b5 9. Be3 b4 10. Nce2 Ng4 11. Nf5 Bxf5 12. exf5 Nxe3 13. fxe3 d5 14. c4 bxc3 15. Nxc3 a5 16. Na4 Bf6 17. Rc1 Re8 18. Rf3 Ra7 19. Rh3 Rae7 20. Qh5 h6 21. Kf2 Bg5 22. Re1 Nd7 23. Rg3 Nf6 24. Qf3 Bh4 25. Bc2 Ne4+ 26. Bxe4 dxe4 27. Qg4 Bxg3+ 28. Kxg3 Qd6+ 29. Qf4 Re5 30. Kf2 f6 31. g4 Rb8 32. Re2 Qb4 33. Nc3 Rd8 34. h4 Qe7 35. Ke1 c5 36. Qf2 c4 37. Rd2 Rd3 38. a3 Qc5 39. Re2 Qc6 40. Qf4 Re8 41. g5 fxg5 42. hxg5 hxg5 43. Qxg5 Qf6 44. Qf4 Qe5 45. Qg5 Rf8 46. Rf2 Rf6 47. Ne2 Qxb2 48. Rg2 Rf8 49. Qg4 Rxe3 50. Rh2 Qb1+ 51. Kf2 Rf3+ 52. Kg2 Qf1# 0-1

[Event "Niedersachsen-ch Seniors op 13th"]
[Site "Bad Bevensen"]
[Date "2010.07.10"]
[Round "5"]
[White "Raessler, Arndt"]
[Black "Lange, Detlef"]
[Result "1/2-1/2"]
[WhiteElo "1792"]
[BlackElo "1730"]
[PlyCount "30"]
[EventDate "2010.07.06"]
[EventType "swiss"]
[EventRounds "9"]
[EventCountry "GER"]
[SourceTitle "EXT 2012"]
[Source "ChessBase"]
[SourceDate "2011.11.24"]
[SourceVersion "1"]
[SourceVersionDate "2011.11.24"]
[SourceQuality "1"]

1. d4 Nf6 2. Nf3 g6 3. Bf4 Bg7 4. Nbd2 d5 5. e3 0-0 6. Bd3 b6 7. 0-0 Bb7 8. c3 Nbd7 9. h3 c5 10. Re1 Ne4 11. Bxe4 dxe4 12. Ng5 e5 13. dxe5 Nxe5 14. Bxe5 Bxe5 15. Ngxe4 f5 1/2-1/2

[Event "Bad Bevensen Seniors op 12th"]
[Site "Bad Bevensen"]
[Date "2009.07.11"]
[Round "5"]
[White "Lange, Detlef"]
[Black "Ehresmann, Horst"]
[Result "1-0"]
[WhiteElo "1621"]
[BlackElo "1380"]
[PlyCount "46"]
[EventDate "2009.07.07"]
[EventType "swiss"]
[EventRounds "9"]
[EventCountry "GER"]
[SourceTitle "EXT 2022"]
[Source "ChessBase"]
[SourceDate "2021.10.06"]
[SourceVersion "1"]
[SourceVersionDate "2021.10.06"]
[SourceQuality "1"]

1. e4 g6 2. d4 Bg7 3. Bc4 h6 4. Nf3 e6 5. 0-0 Ne7 6. Be3 0-0 7. Nbd2 d6 8. c3 Nd7 9. Bb3 b6 10. Bc2 Bb7 11. a4 a6 12. Re1 Rc8 13. Nc4 Ra8 14. h3 Nf6 15. Bd2 Nd7 16. Qc1 Kh7 17. Nh2 Ng8 18. e5 d5 19. Ne3 c5 20. Qd1 Rc8 21. Nef1 h5 22. Qxh5+ Nh6 23. Ng4 Kg8 1-0

[Event "Niedersachsen-ch Seniors op 11th"]
[Site "Bad Bevensen"]
[Date "2008.07.15"]
[Round "8"]
[White "Lange, Detlef"]
[Black "Loeding, Walter"]
[Result "1-0"]
[WhiteElo "1695"]
[BlackElo "1428"]
[PlyCount "35"]
[EventDate "2008.07.08"]
[EventType "swiss"]
[EventRounds "9"]
[EventCountry "GER"]
[SourceTitle "EXT 2022"]
[Source "ChessBase"]
[SourceDate "2021.10.06"]
[SourceVersion "1"]
[SourceVersionDate "2021.10.06"]
[SourceQuality "1"]

1. e4 e5 2. Nf3 Nc6 3. Bb5 d6 4. d4 exd4 5. Nxd4 Bd7 6. 0-0 a6 7. Bc4 Na5 8. Bxf7+ Kxf7 9. Qh5+ g6 10. Qxa5 Ne7 11. f4 b6 12. Qa3 Qc8 13. Nc3 Bg7 14. Be3 Bh6 15. Qb3+ Be6 16. Nxe6 Ke8 17. Bd4 Kd7 18. Bxh8 1-0

[Event "Niedersachsen-ch Seniors op 11th"]
[Site "Bad Bevensen"]
[Date "2008.07.14"]
[Round "7"]
[White "Lenk, Konrad"]
[Black "Lange, Detlef"]
[Result "1-0"]
[WhiteElo "1763"]
[BlackElo "1695"]
[PlyCount "46"]
[EventDate "2008.07.08"]
[EventType "swiss"]
[EventRounds "9"]
[EventCountry "GER"]
[SourceTitle "EXT 2022"]
[Source "ChessBase"]
[SourceDate "2021.10.06"]
[SourceVersion "1"]
[SourceVersionDate "2021.10.06"]
[SourceQuality "1"]

1. d4 Nf6 2. Bf4 g6 3. h3 Bg7 4. c3 0-0 5. e3 c6 6. Bd3 Qb6 7. Qc2 d5 8. Nd2 Nbd7 9. Ngf3 c5 10. dxc5 Nxc5 11. Nb3 Nxd3+ 12. Qxd3 Bf5 13. Qe2 Be4 14. 0-0 Nd7 15. Ng5 e5 16. Bg3 Bf5 17. e4 dxe4 18. Nxe4 Qc6 19. Nbd2 b6 20. Rfe1 Rfe8 21. f3 Rad8 22. Rad1 Nf6 23. Qc4 Qb7 1-0

[Event "Niedersachsen-ch Seniors op 11th"]
[Site "Bad Bevensen"]
[Date "2008.07.13"]
[Round "6"]
[White "Lange, Detlef"]
[Black "Bachmann, Friedrich"]
[Result "1-0"]
[WhiteElo "1695"]
[BlackElo "1415"]
[PlyCount "55"]
[EventDate "2008.07.08"]
[EventType "swiss"]
[EventRounds "9"]
[EventCountry "GER"]
[SourceTitle "EXT 2022"]
[Source "ChessBase"]
[SourceDate "2021.10.06"]
[SourceVersion "1"]
[SourceVersionDate "2021.10.06"]
[SourceQuality "1"]

1. e4 e5 2. Nf3 Nc6 3. Bb5 a6 4. Ba4 Nf6 5. 0-0 Bc5 6. Nxe5 b5 7. Nxc6 dxc6 8. Bb3 Qe7 9. d4 Bb6 10. Bg5 h6 11. Bh4 Qd7 12. c3 Qg4 13. Bxf6 Qxd1 14. Rxd1 gxf6 15. Nd2 Rg8 16. Nf1 h5 17. Ne3 c5 18. Nd5 Rg6 19. dxc5 Ba5 20. Nf4 Rg5 21. Bd5 Rxd5 22. exd5 b4 23. c4 h4 24. Rd4 c6 25. Nh5 Bd8 26. Rxh4 f5 27. Rd4 cxd5 28. cxd5 1-0

[Event "Niedersachsen-ch Seniors op 11th"]
[Site "Bad Bevensen"]
[Date "2008.07.12"]
[Round "5"]
[White "Tepel, Juergen"]
[Black "Lange, Detlef"]
[Result "1-0"]
[WhiteElo "1812"]
[BlackElo "1695"]
[PlyCount "96"]
[EventDate "2008.07.08"]
[EventType "swiss"]
[EventRounds "9"]
[EventCountry "GER"]
[SourceTitle "EXT 2022"]
[Source "ChessBase"]
[SourceDate "2021.10.06"]
[SourceVersion "1"]
[SourceVersionDate "2021.10.06"]
[SourceQuality "1"]

1. e4 c6 2. d4 d5 3. exd5 cxd5 4. c4 Nc6 5. Nf3 Bg4 6. cxd5 Qxd5 7. Nc3 Bxf3 8. Nxd5 Bxd1 9. Nc7+ Kd7 10. Nxa8 Bg4 11. d5 Nd4 12. Bd3 Nf6 13. Be3 e5 14. dxe6+ Nxe6 15. Bxa7 Bb4+ 16. Kf1 Rxa8 17. Bb6 Rc8 18. f3 Nd5 19. Bf2 Bh5 20. a3 Bd6 21. Be4 Nf6 22. Bxb7 Rb8 23. Ba6 Rxb2 24. a4 Bg6 25. h4 h5 26. g3 Bc5 27. Rh2 Bc2 28. Bb5+ Kc7 29. Rg2 Nd5 30. Rc1 Rb1 31. Rxb1 Bxb1 32. Bxc5 Nxc5 33. Rb2 Bf5 34. a5 Bh3+ 35. Kg1 Bd7 36. Bc4 Bc6 37. Rd2 Nf6 38. Kf2 Nfe4+ 39. fxe4 Nxe4+ 40. Ke3 Nxd2 41. Kxd2 f6 42. Ke3 g5 43. Bf7 gxh4 44. gxh4 Kd6 45. Bxh5 Ke5 46. Bf3 Bb5 47. Bb7 Kf5 48. Kf3 Kg6 1-0

[Event "Niedersachsen-ch Seniors op 10th"]
[Site "Bad Bevensen"]
[Date "2007.07.11"]
[Round "9"]
[White "Lange, Detlef"]
[Black "Maslicic, Peter"]
[Result "0-1"]
[WhiteElo "1674"]
[BlackElo "1785"]
[PlyCount "64"]
[EventDate "2007.07.03"]
[EventType "swiss"]
[EventRounds "9"]
[EventCountry "GER"]
[SourceTitle "EXT 2022"]
[Source "ChessBase"]
[SourceDate "2021.10.06"]
[SourceVersion "1"]
[SourceVersionDate "2021.10.06"]
[SourceQuality "1"]

1. e4 c5 2. Nf3 e6 3. d4 cxd4 4. Nxd4 Bc5 5. Be3 Qb6 6. Nc3 a6 7. Bb5 axb5 8. Ndxb5 Ra6 9. Bxc5 Qxc5 10. Qg4 Ne7 11. Qxg7 Rg8 12. Qxh7 Rxg2 13. 0-0-0 Rb6 14. Rhg1 Qg5+ 15. f4 Qxf4+ 16. Kb1 Qxh2 17. Rh1 Qxh7 18. Rxh7 d5 19. e5 Nf5 20. Rh8+ Kd7 21. Ne4 Rxb5 22. Nf6+ Kc7 23. Ne8+ Kb6 24. Nd6 Nxd6 25. exd6 Rc5 26. c3 Nd7 27. a4 Rc6 28. Rd4 Kc5 29. b4+ Kxd6 30. c4 Ke5 31. cxd5 exd5 32. Rd1 Nf6 0-1

[Event "Niedersachsen-ch Seniors op 10th"]
[Site "Bad Bevensen"]
[Date "2007.07.08"]
[Round "6"]
[White "Lange, Detlef"]
[Black "Schwenke, Norbert"]
[Result "1-0"]
[WhiteElo "1674"]
[BlackElo "1439"]
[PlyCount "53"]
[EventDate "2007.07.03"]
[EventType "swiss"]
[EventRounds "9"]
[EventCountry "GER"]
[SourceTitle "EXT 2022"]
[Source "ChessBase"]
[SourceDate "2021.10.06"]
[SourceVersion "1"]
[SourceVersionDate "2021.10.06"]
[SourceQuality "1"]

1. e4 e5 2. Nf3 Nc6 3. Bb5 a6 4. Ba4 Nf6 5. 0-0 Be7 6. d4 exd4 7. e5 Nd5 8. Bb3 Nb6 9. Nxd4 Nxe5 10. Re1 Ng6 11. Bg5 0-0 12. Rxe7 Nxe7 13. Nf5 Re8 14. Nc3 d6 15. Nxg7 Qd7 16. Nxe8 Qxe8 17. Qe2 Bd7 18. Qxe7 Qxe7 19. Bxe7 Re8 20. Bf6 c5 21. Nd5 Nxd5 22. Bxd5 b5 23. Kf1 Bf5 24. Re1 Be6 25. Bxe6 fxe6 26. f4 Kf7 27. Bg5 1-0

[Event "Bad Woerishofen Seniors opA 23rd"]
[Site "Bad Woerishofen"]
[Date "2007.03.11"]
[Round "4"]
[White "Lange, Detlef"]
[Black "Storkebaum, Karl Heinrich"]
[Result "1/2-1/2"]
[WhiteElo "1732"]
[BlackElo "1814"]
[PlyCount "79"]
[EventDate "2007.03.08"]
[EventType "swiss"]
[EventRounds "9"]
[EventCountry "GER"]
[SourceTitle "EXT 2022"]
[Source "ChessBase"]
[SourceDate "2021.10.06"]
[SourceVersion "1"]
[SourceVersionDate "2021.10.06"]
[SourceQuality "1"]

1. e4 c5 2. Nf3 d6 3. d4 cxd4 4. Nxd4 Nf6 5. Nc3 a6 6. Be2 e5 7. Nf3 Qc7 8. Bg5 Nbd7 9. 0-0 Be7 10. Re1 b5 11. a3 Bb7 12. Bd3 0-0 13. Kh1 Rfe8 14. Nd2 h6 15. Bh4 d5 16. exd5 Nxd5 17. Nxd5 Bxd5 18. Bxe7 Rxe7 19. Be4 Bxe4 20. Nxe4 Rd8 21. Qe2 Nb6 22. Rad1 Red7 23. Rxd7 Rxd7 24. Rd1 Rxd1+ 25. Qxd1 Nc4 26. Qc1 Qd8 27. h3 Qd4 28. b3 Qxe4 29. bxc4 Qxc4 30. Kg1 Kf8 31. Qd2 Qd4 32. Qa5 Qd6 33. Qc3 Ke7 34. Qf3 g6 35. Kf1 f5 36. Ke2 e4 37. Qc3 Kf7 38. Qc8 Qxa3 39. Qb7+ Ke6 40. Qc8+ 1/2-1/2

[Event "Kochan Memorial op 17th"]
[Site "Koszalin"]
[Date "2006.08.13"]
[Round "10"]
[White "Lange, Detlef"]
[Black "Dudek, Andrzej"]
[Result "1-0"]
[WhiteElo "1957"]
[BlackElo "2215"]
[PlyCount "95"]
[EventDate "2006.08.04"]
[EventType "swiss"]
[EventRounds "10"]
[EventCountry "POL"]
[SourceTitle "CBM 113 Extra"]
[Source "ChessBase"]
[SourceDate "2006.09.14"]
[SourceVersion "1"]
[SourceVersionDate "2006.09.14"]
[SourceQuality "1"]

1. e4 c5 2. Nf3 d6 3. d4 cxd4 4. Nxd4 Nf6 5. Nc3 Nc6 6. Bb5 Bd7 7. Bg5 a6 8. Nxc6 bxc6 9. Bxf6 axb5 10. Bg5 b4 11. Ne2 Qa5 12. Bd2 Qe5 13. c3 bxc3 14. Bxc3 Qxe4 15. 0-0 e5 16. Re1 Be7 17. Ng3 Qc4 18. Re4 Qe6 19. f4 f6 20. f5 Qf7 21. a4 d5 22. Rh4 c5 23. a5 d4 24. Qf3 Ra7 25. Bd2 Bb5 26. Rg4 Kd7 27. Ne4 Bc6 28. Qa3 Bxe4 29. Rxe4 Qd5 30. Rg4 Rg8 31. Rg3 g5 32. Qa4+ Kc7 33. Rb3 e4 34. a6 Qc6 35. Ba5+ Kd7 36. Bb6 Qxa4 37. Rxa4 Raa8 38. a7 e3 39. Ra6 Rgc8 40. Ba5 Bd6 41. Rb7+ Bc7 42. Rxf6 d3 43. Kf1 e2+ 44. Ke1 Ke8 45. Re6+ Kd8 46. Bxc7+ Rxc7 47. Rxc7 Kxc7 48. Kd2 1-0

[Event "Kochan Memorial op 17th"]
[Site "Koszalin"]
[Date "2006.08.12"]
[Round "9"]
[White "Suder, Ryszard"]
[Black "Lange, Detlef"]
[Result "1-0"]
[WhiteElo "2242"]
[BlackElo "1957"]
[PlyCount "85"]
[EventDate "2006.08.04"]
[EventType "swiss"]
[EventRounds "10"]
[EventCountry "POL"]
[SourceTitle "CBM 113 Extra"]
[Source "ChessBase"]
[SourceDate "2006.09.14"]
[SourceVersion "1"]
[SourceVersionDate "2006.09.14"]
[SourceQuality "1"]

1. e4 c6 2. d3 g6 3. Nf3 Bg7 4. g3 d6 5. Bg2 Nf6 6. 0-0 0-0 7. Nbd2 Bg4 8. h3 Bc8 9. c3 Nbd7 10. Qc2 Rb8 11. a4 c5 12. Re1 Qc7 13. Nc4 b6 14. Be3 Bb7 15. Qc1 e5 16. Bh6 Rfe8 17. Nh4 Nf8 18. Bxg7 Kxg7 19. Qg5 Bc8 20. Ne3 Ng8 21. Nd5 Qd8 22. Qd2 Be6 23. f4 Bxd5 24. exd5 Nd7 25. Nf3 f6 26. c4 Ne7 27. Nh4 Ng8 28. b3 Qc8 29. Re2 Nh6 30. Kh2 Nf7 31. Rae1 Qc7 32. Bf3 f5 33. Re3 Kf8 34. Ng2 Nf6 35. fxe5 Nxe5 36. Nf4 Qf7 37. Ne6+ Kg8 38. Bg2 Re7 39. d4 Ned7 40. Ng5 Ne4 41. Rxe4 Rbe8 42. Rxe7 Rxe7 43. Nxf7 1-0

[Event "Niedersachsen-ch Seniors op 09th"]
[Site "Bad Bevensen"]
[Date "2006.07.02"]
[Round "9"]
[White "Bernhart, Ernst"]
[Black "Lange, Detlef"]
[Result "1/2-1/2"]
[WhiteElo "1528"]
[BlackElo "1699"]
[PlyCount "45"]
[EventDate "2006.06.24"]
[EventType "swiss"]
[EventRounds "9"]
[EventCountry "GER"]
[SourceTitle "EXT 2022"]
[Source "ChessBase"]
[SourceDate "2021.10.06"]
[SourceVersion "1"]
[SourceVersionDate "2021.10.06"]
[SourceQuality "1"]

1. c4 e6 2. Nc3 Nf6 3. Nf3 Bb4 4. Qc2 b6 5. a3 Bxc3 6. Qxc3 Bb7 7. d4 d6 8. Bg5 Nbd7 9. Bh4 h6 10. Nd2 0-0 11. f3 Re8 12. e4 e5 13. d5 a5 14. Be2 Nxd5 15. Bxd8 Nxc3 16. bxc3 Raxd8 17. 0-0 Nc5 18. Rfc1 Re6 19. Rab1 Bc6 20. Nf1 Ba4 21. Rb2 Bb3 22. Nd2 Ba4 23. Nf1 1/2-1/2

[Event "Niedersachsen-ch Seniors op 09th"]
[Site "Bad Bevensen"]
[Date "2006.06.28"]
[Round "5"]
[White "Juergens, Peter1"]
[Black "Lange, Detlef"]
[Result "1/2-1/2"]
[WhiteElo "1863"]
[BlackElo "1699"]
[PlyCount "90"]
[EventDate "2006.06.24"]
[EventType "swiss"]
[EventRounds "9"]
[EventCountry "GER"]
[SourceTitle "EXT 2022"]
[Source "ChessBase"]
[SourceDate "2021.10.06"]
[SourceVersion "1"]
[SourceVersionDate "2021.10.06"]
[SourceQuality "1"]

1. d4 Nf6 2. Nf3 e6 3. e3 b6 4. Bd3 Bb7 5. Nbd2 Nc6 6. c3 d6 7. e4 Be7 8. 0-0 0-0 9. Re1 a5 10. Qe2 Qc8 11. a3 Ba6 12. c4 e5 13. d5 Nb8 14. Nf1 Nbd7 15. Bd2 Nc5 16. Ng3 Nb3 17. Rab1 Nxd2 18. Nxd2 Qg4 19. Nf5 Rfe8 20. Qe3 Bc8 21. Nxe7+ Rxe7 22. b4 axb4 23. axb4 Re8 24. Ra1 Bd7 25. c5 bxc5 26. bxc5 Qf4 27. Qxf4 exf4 28. c6 Bg4 29. f3 Bh5 30. Nb3 Bg6 31. Bc4 h6 32. Kf2 Bh7 33. Ba6 Kf8 34. Bb7 Rab8 35. Nd4 g5 36. Nb5 Re7 37. Rec1 Rd8 38. Na7 Nxe4+ 39. fxe4 Bxe4 40. Rd1 Rde8 41. Nc8 Re5 42. Nxd6 cxd6 43. c7 Bf5 44. Bc6 Rc8 45. Ra8 Re7 1/2-1/2

[Event "Niedersachsen-ch Seniors op 09th"]
[Site "Bad Bevensen"]
[Date "2006.06.27"]
[Round "4"]
[White "Lange, Detlef"]
[Black "Grabitz, Georg"]
[Result "1/2-1/2"]
[WhiteElo "1699"]
[BlackElo "1902"]
[PlyCount "90"]
[EventDate "2006.06.24"]
[EventType "swiss"]
[EventRounds "9"]
[EventCountry "GER"]
[SourceTitle "EXT 2022"]
[Source "ChessBase"]
[SourceDate "2021.10.06"]
[SourceVersion "1"]
[SourceVersionDate "2021.10.06"]
[SourceQuality "1"]

1. e4 g6 2. d4 Bg7 3. Nf3 d6 4. Bc4 Nf6 5. Nc3 0-0 6. 0-0 Bg4 7. h3 Bxf3 8. Qxf3 Nc6 9. Be3 e5 10. d5 Ne7 11. Bg5 Nd7 12. Qe3 f5 13. exf5 gxf5 14. Rad1 Nf6 15. Kh1 a6 16. a4 Ng6 17. Qe2 Qd7 18. Bb3 Kh8 19. f4 Nxf4 20. Bxf4 exf4 21. Rxf4 Rae8 22. Qf3 Ne4 23. Nxe4 fxe4 24. Rxf8+ Rxf8 25. Qxe4 Bxb2 26. Qe6 Qg7 27. Bc4 Be5 28. Qg4 Qxg4 29. hxg4 Rf4 30. Bb3 Rxg4 31. Rd3 Kg7 32. Rf3 h5 33. c3 h4 34. Bc2 Rg3 35. Rxg3+ hxg3 36. Kg1 Bxc3 37. Kf1 Kf6 38. Ke2 Ke5 39. Kd3 Be1 40. Kc4 c6 41. Bd1 cxd5+ 42. Kd3 d4 43. Bg4 Kd5 44. Bf3+ Kc5 45. Bxb7 a5 1/2-1/2

[Event "Niedersachsen-ch Seniors op 09th"]
[Site "Bad Bevensen"]
[Date "2006.06.24"]
[Round "2"]
[White "Lange, Detlef"]
[Black "Ast, Erwin"]
[Result "1-0"]
[WhiteElo "1699"]
[BlackElo "1533"]
[PlyCount "29"]
[EventDate "2006.06.24"]
[EventType "swiss"]
[EventRounds "9"]
[EventCountry "GER"]
[SourceTitle "EXT 2022"]
[Source "ChessBase"]
[SourceDate "2021.10.06"]
[SourceVersion "1"]
[SourceVersionDate "2021.10.06"]
[SourceQuality "1"]

1. e4 e6 2. Nf3 d5 3. e5 c5 4. b4 cxb4 5. a3 Nc6 6. axb4 Bxb4 7. c3 Bc5 8. d4 Bb6 9. Bd3 Nge7 10. Na3 a6 11. 0-0 0-0 12. Bxh7+ Kh8 13. Ng5 g6 14. Qf3 Qe8 15. Qf6# 1-0

[Event "Bad Woerishofen Seniors opA 22th"]
[Site "Bad Woerishofen"]
[Date "2006.03.24"]
[Round "8"]
[White "Lange, Detlef"]
[Black "Schafroth, Georg"]
[Result "1-0"]
[WhiteElo "1655"]
[BlackElo "1366"]
[PlyCount "33"]
[EventDate "2006.03.17"]
[EventType "swiss"]
[EventRounds "9"]
[EventCountry "GER"]
[SourceTitle "EXT 2022"]
[Source "ChessBase"]
[SourceDate "2021.10.06"]
[SourceVersion "1"]
[SourceVersionDate "2021.10.06"]
[SourceQuality "1"]

1. e4 e5 2. Nf3 d6 3. d4 Bg4 4. dxe5 Bxf3 5. Qxf3 dxe5 6. Bc4 Qf6 7. Qb3 b6 8. Nc3 Bc5 9. Be3 Bxe3 10. fxe3 Qg6 11. Rf1 Nh6 12. Nd5 Kd8 13. 0-0-0 Nd7 14. Nf6 gxf6 15. Qb5 Kc8 16. Qxd7+ Kb8 17. Ba6 1-0

[Event "Bad Woerishofen Seniors op 21st"]
[Site "Bad Woerishofen"]
[Date "2005.03.07"]
[Round "5"]
[White "Lange, Detlef"]
[Black "Paulsen, Eckart"]
[Result "0-1"]
[WhiteElo "1635"]
[BlackElo "1636"]
[PlyCount "52"]
[EventDate "2005.03.03"]
[EventType "swiss"]
[EventRounds "9"]
[EventCountry "GER"]
[SourceTitle "EXT 2006"]
[Source "ChessBase"]
[SourceDate "2005.11.24"]
[SourceVersion "1"]
[SourceVersionDate "2005.11.24"]
[SourceQuality "1"]

1. e4 e6 2. d4 d5 3. e5 c5 4. c3 Nc6 5. Nf3 Qb6 6. a3 c4 7. Be2 f6 8. exf6 Nxf6 9. Nbd2 Bd6 10. b3 cxb3 11. Nxb3 0-0 12. c4 dxc4 13. Bxc4 Na5 14. Nxa5 Qxa5+ 15. Bd2 Qf5 16. Qe2 Kh8 17. Bd3 Qd5 18. Bc4 Qc6 19. Bb5 Qd5 20. Bc4 Qe4 21. Bd3 Qxe2+ 22. Kxe2 Bd7 23. Ne5 Rad8 24. Bb4 Bxb4 25. axb4 a6 26. Be4 Nxe4 0-1

[Event "Bad Woerishofen Seniors op 21st"]
[Site "Bad Woerishofen"]
[Date "2005.03.06"]
[Round "4"]
[White "Hausner, Alfreda"]
[Black "Lange, Detlef"]
[Result "1/2-1/2"]
[WhiteElo "1765"]
[BlackElo "1635"]
[PlyCount "28"]
[EventDate "2005.03.03"]
[EventType "swiss"]
[EventRounds "9"]
[EventCountry "GER"]
[SourceTitle "EXT 2006"]
[Source "ChessBase"]
[SourceDate "2005.11.24"]
[SourceVersion "1"]
[SourceVersionDate "2005.11.24"]
[SourceQuality "1"]

1. d4 e6 2. Nf3 c5 3. c3 Nf6 4. e3 d5 5. Be2 Nc6 6. Nbd2 Be7 7. Qc2 c4 8. e4 dxe4 9. Nxe4 Qd5 10. Nxf6+ Bxf6 11. 0-0 b5 12. a3 Bb7 13. Bf4 0-0 14. Ne1 Qd7 1/2-1/2

[Event "Wch Seniors 14th"]
[Site "Halle"]
[Date "2004.11.04"]
[Round "10"]
[White "Schulz, Hermann"]
[Black "Lange, Detlef"]
[Result "1/2-1/2"]
[WhiteElo "1643"]
[BlackElo "2014"]
[PlyCount "26"]
[EventDate "2004.10.24"]
[EventType "swiss"]
[EventRounds "11"]
[EventCountry "GER"]
[SourceTitle "EXT 2005"]
[Source "ChessBase"]
[SourceDate "2004.11.15"]
[SourceVersion "1"]
[SourceVersionDate "2004.11.15"]
[SourceQuality "1"]

1. e4 c6 2. d4 d5 3. Nc3 dxe4 4. Nxe4 Bf5 5. Ng3 Bg6 6. Nf3 Nf6 7. Bd3 Bxd3 8. Qxd3 Nbd7 9. 0-0 e6 10. Re1 Be7 11. Bd2 Qc7 12. Rac1 Rd8 13. Qb3 Qb6 1/2-1/2

[Event "Wch Seniors 14th"]
[Site "Halle"]
[Date "2004.11.03"]
[Round "9"]
[White "Lange, Detlef"]
[Black "Hartlaub, Marianne"]
[Result "1-0"]
[WhiteElo "2014"]
[BlackElo "1567"]
[PlyCount "73"]
[EventDate "2004.10.24"]
[EventType "swiss"]
[EventRounds "11"]
[EventCountry "GER"]
[SourceTitle "EXT 2005"]
[Source "ChessBase"]
[SourceDate "2004.11.15"]
[SourceVersion "1"]
[SourceVersionDate "2004.11.15"]
[SourceQuality "1"]

1. e4 d6 2. d4 Nf6 3. Nc3 c6 4. Bd3 Qa5 5. Bd2 Qb6 6. Nge2 Nbd7 7. 0-0 e5 8. d5 cxd5 9. exd5 a6 10. b4 Be7 11. Ng3 g6 12. Bh6 Qd8 13. Re1 b5 14. Bg7 Rg8 15. Bxf6 Nxf6 16. Nge4 Nxe4 17. Bxe4 f5 18. Bd3 Bb7 19. Bf1 Rc8 20. Nxb5 axb5 21. Bxb5+ Kf7 22. c4 Bf6 23. Bc6 Qc7 24. b5 Kg7 25. a4 Ra8 26. Ra2 Ra5 27. Qd2 Rga8 28. Qb4 Bxc6 29. dxc6 Be7 30. Qb3 Qb6 31. Rd1 Qc7 32. c5 Rd8 33. Rad2 Raa8 34. Qe6 dxc5 35. Rd7 Rxd7 36. Rxd7 Qa5 37. Qxe7+ 1-0